Participación de las organizaciones de docentes en la calidad de la educación

Uloženo v:
Podrobná bibliografie
Hlavní autor: Tedesco, Juan Carlos (Autor)
Médium: Kniha
Jazyk:španělština
Vydáno: Santiago UNESCO 1990
Témata:
Tagy: Přidat tag
Žádné tagy, Buďte první, kdo vytvoří štítek k tomuto záznamu!

MARC

LEADER 00000nam a2200000 a 4500
001 UCT2849
003 CL-VaPUC
008 961018e19900000CL |||||||||||||||||spa|d
082 0 4 |a 370.11  |b TED  |2 21 
100 0 |a Tedesco, Juan Carlos  |e author  |9 371823 
245 1 0 |a Participación de las organizaciones de docentes en la calidad de la educación 
300 |a 93 p 
942 |c BK 
945 |d 19961018 00:00:00  |a nastorga 
260 |a Santiago  |b UNESCO  |c 1990 
650 0 |a Educación  |9 258661 
650 0 |a Calidad de la educación   |9 307271 
650 0 |a Profesores   |9 308968 
650 0 |a Alumnos   |9 335074 
650 7 |a ESTRATEGIAS DE LA EDUCACION  |2 CL-VaPUC  |9 368558 
650 0 |a Política educacional  |9 308011 
650 0 |a Enseñanza  |9 256457 
583 |a last modification  |c 19961018 00:00:00  |k Rodrigo Vera 
999 |c 252748  |d 252746 
952 |0 0  |1 0  |4 0  |6 370_110000000000000_TED_1990  |7 0  |8 P  |9 272822  |a BIBEDU  |b BIBEDU  |c BIBEDU_PB  |d 2019-11-19  |i 3241289  |o 370.11 TED 1990  |p 3241289  |r 2024-01-25  |w 2019-11-19  |y BK  |k EDU 
952 |0 0  |1 0  |4 0  |6 370_110000000000000_TED_1990  |7 0  |8 P  |9 272823  |a BIBEDU  |b BIBEDU  |c BIBEDU_PB  |d 2019-11-19  |i 3517721  |o 370.11 TED 1990  |p 3517721  |r 2024-01-25  |w 2019-11-19  |y BK  |k BME